000 00913nam a22001817a 4500
999 _c59076
_d59076
003 Ge_BSU
005 20221117113052.0
008 221117s2005 ge ||||| |||| 00| 0 geo d
020 _a9992884452
041 _ageo
080 _a349.6(479.22)(094.1) ე-49
245 _aეკოლოგიური სამართალი : ნორმატიული აქტების კრებული :
_bცვლილებებითა და დამატებებით 2005 წლის 10 ნოემბრამდე.
264 _aთბილისი :
_b [ბონა კაუზა],
_c2005.
300 _a318 გვ. ;
_b20 სმ.
490 _aიურისტის ბიბლიოთეკა
653 _aსაქართველოს ეკოლოგიური სამართლის ნორმატიული აქტები
942 _2udc
_cBK